000 00646nam a22002057a 4500
005 20241106125405.0
008 241106b |||||||| |||| 00| 0 eng d
020 _a978-0323297684
082 _a616.31
_b REG-O
100 _aRegezi, Joseph A.
245 _aOral pathology :
_bclinical pathologic correlations /
_cby Joseph A. Regezi , James J . Sciubba , Richard C.K. Jordan.
250 _a7th ed.
260 _aChina :
_bElsevier ;
_c2017 .
300 _axii, 402 p. :
_bill. ;
_c28 cm.
500 _aInclude Index.
650 _aMedical / Dentistry
700 _aSciubba, James J .
700 _aJordan, Richard C.K.
999 _c36763
_d36763